Man and his works : (Record no. 125245)
[ view plain ]
| 000 -LEADER | |
|---|---|
| fixed length control field | 00982cam a2200313 i 4500 |
| 001 - CONTROL NUMBER | |
| control field | 123772 |
| 003 - CONTROL NUMBER IDENTIFIER | |
| control field | ARRUPE |
| 005 - DATE AND TIME OF LATEST TRANSACTION | |
| control field | 20160919104312.0 |
| 008 - FIXED-LENGTH DATA ELEMENTS--GENERAL INFORMATION | |
| fixed length control field | 821215s1948 nyuaf b 001 0 eng d |
| 035 ## - SYSTEM CONTROL NUMBER | |
| System control number | (OCoLC)1813238 |
| 035 ## - SYSTEM CONTROL NUMBER | |
| System control number | (OCoLC)ocm01813238 |
| 035 ## - SYSTEM CONTROL NUMBER | |
| System control number | (CStRLIN)NYCG82-B66529 |
| 035 ## - SYSTEM CONTROL NUMBER | |
| System control number | (NNC)123772 |
| 040 ## - CATALOGING SOURCE | |
| Original cataloging agency | CU |
| Transcribing agency | CU |
| Modifying agency | NNC |
| 050 ## - LIBRARY OF CONGRESS CALL NUMBER | |
| Classification number | GN400.H58 |
| 090 ## - LOCALLY ASSIGNED LC-TYPE CALL NUMBER (OCLC); LOCAL CALL NUMBER (OCLC) | |
| Classification number (OCLC) (R) ; Classification number, CALL (RLIN) (NR) | GN400 |
| Local cutter number (OCLC) ; Book number/undivided call number, CALL (RLIN) | .H45 |
| 300 ## - PHYSICAL DESCRIPTION | |
| Other physical details | ill. ; |
| Dimensions | 25 cm. |
| 100 1# - MAIN ENTRY--PERSONAL NAME | |
| Personal name | Herskovits, Melville J. |
| Fuller form of name | (Melville Jean), |
| Dates associated with a name | 1895-1963. |
| 9 (RLIN) | 25832 |
| 245 10 - TITLE STATEMENT | |
| Title | Man and his works : |
| Remainder of title | the science of cultural anthropology / |
| Statement of responsibility, etc | Melville J. Herskovits. |
| 260 ## - PUBLICATION, DISTRIBUTION, ETC. (IMPRINT) | |
| Place of publication, distribution, etc | New York : |
| Name of publisher, distributor, etc | Knopf, |
| Date of publication, distribution, etc | c1948. |
| 300 ## - PHYSICAL DESCRIPTION | |
| Extent | xviii, 678, xxxvii p., [10] leaves of plates : |
| 500 ## - GENERAL NOTE | |
| General note | Includes index. |
| 500 ## - GENERAL NOTE | |
| General note | Issued with various printing dates. |
| 500 ## - GENERAL NOTE | |
| General note | A Borzoi book. |
| 504 ## - BIBLIOGRAPHY, ETC. NOTE | |
| Bibliography, etc | Bibliography: p. 659-678. |
| 650 #0 - SUBJECT ADDED ENTRY--TOPICAL TERM | |
| Topical term or geographic name as entry element | Primitive societies. |
| 9 (RLIN) | 17090 |
| 650 #0 - SUBJECT ADDED ENTRY--TOPICAL TERM | |
| Topical term or geographic name as entry element | Anthropology. |
| 9 (RLIN) | 25833 |
| 942 ## - ADDED ENTRY ELEMENTS (KOHA) | |
| Source of classification or shelving scheme | Library of Congress Classification |
| Koha item type | Monograph ( Printed materials) |
| Withdrawn status | Lost status | Source of classification or shelving scheme | Damaged status | Not for loan | Collection code | Home library | Current library | Shelving location | Date acquired | Total Checkouts | Full call number | Barcode | Date last seen | Price effective from | Koha item type |
|---|---|---|---|---|---|---|---|---|---|---|---|---|---|---|---|
| Library of Congress Classification | Main Collection | ARRUPE LIBRARY | ARRUPE LIBRARY | Main Collection | 14/09/2016 | GN400.H58 | 46500010138 | 09/04/2018 | 14/09/2016 | Monograph ( Printed materials) |